| 000 | 00860nam a2200229 a 4500 | ||
|---|---|---|---|
| 001 | 71627 | ||
| 003 | BD-RjUL | ||
| 005 | 20211209082134.0 | ||
| 008 | 170506s1997 bg ||||| |||| 00| 0 ben d | ||
| 020 |
_a9840735179 _c: TK 200.00 |
||
| 035 | _a(BD-RjUL)71843 | ||
| 040 |
_aBD-RjUL _bben _cBD-RjUL |
||
| 041 | _aben | ||
| 082 |
_223 _a581.954922 _bSHS 1997 |
||
| 100 |
_aশর্মা, দ্বিজেন _9160895 |
||
| 245 | 1 | 0 |
_aশ্যামলী নিসর্গ : _bঢাকার সুদর্শন বৃক্ষ / _cদ্বিজেন শর্মা |
| 260 |
_aঢাকা : _bবাংলা একাডেমী, _c১৯৯৭ |
||
| 300 |
_a৩২০ পৃ. : _bচিত্র ; _c২৩ সেমি. |
||
| 650 |
_aগাছ _9160896 _zবাংলাদেশ |
||
| 650 |
_aTrees _9157976 _zBangladesh |
||
| 942 |
_2ddc _cBK |
||
| 999 |
_c71627 _d71627 |
||